|
|
|
|
| LEADER |
00000nam0a2200000 4500 |
| 001 |
238884 |
| 005 |
20231101231633.0 |
| 035 |
|
|
|a (RuTPU)RU\TPU\book\260094
|
| 090 |
|
|
|a 238884
|
| 100 |
|
|
|a 20130531d1957 k y0rusy50 ca
|
| 101 |
0 |
|
|a rus
|
| 102 |
|
|
|a RU
|
| 105 |
|
|
|a y z 001zy
|
| 200 |
1 |
|
|a Геохимия редких и рассеяных химических элементов в почвах
|f А. П. Виноградов
|g Академия наук СССР (АН СССР), Институт геохимии и аналитической химии им. В. И. Вернадского (ГЕОХИ РАН)
|
| 205 |
|
|
|a 2-е изд., доп.
|
| 210 |
|
|
|a Москва
|c Изд-во АН СССР
|d 1957
|
| 215 |
|
|
|a 238 с.
|
| 320 |
|
|
|a Библиогр.: с. 219-235.
|
| 606 |
1 |
|
|a Геохимия
|2 stltpush
|3 (RuTPU)RU\TPU\subj\6296
|9 34219
|
| 610 |
1 |
|
|a почва
|
| 610 |
1 |
|
|a редкие элементы
|
| 610 |
1 |
|
|a химические элементы
|
| 610 |
1 |
|
|a растения
|
| 610 |
1 |
|
|a животные
|
| 610 |
1 |
|
|a почвообразующие породы
|
| 610 |
1 |
|
|a редкоземельные элементы
|
| 675 |
|
|
|a 550.4
|v 3
|
| 700 |
|
1 |
|a Виноградов
|b А. П.
|c российский геохимик
|c академик АН СССР
|f 1895-1975
|g Александр Павлович
|2 stltpush
|3 (RuTPU)RU\TPU\pers\12020
|4 070
|9 3109
|
| 712 |
0 |
2 |
|a Академия наук СССР (АН СССР)
|b Институт геохимии и аналитической химии им. В. И. Вернадского (ГЕОХИ РАН)
|c (Москва)
|2 stltpush
|3 (RuTPU)RU\TPU\col\11383
|
| 801 |
|
1 |
|a RU
|b 63413507
|c 20130531
|
| 801 |
|
2 |
|a RU
|b 63413507
|c 20210304
|g RCR
|
| 942 |
|
|
|c BK
|